000 00982nam a22003017a 4500
003 CHAP
005 20220329134844.0
008 971013s r 10010 d
010 _a26981
011 _a27953
035 _a32054
040 _cCHAP
082 _a580.63
_bC6p 1975
111 0 0 _aCongreso Mexicano de Botánica (
_n6
_d: 1975
_c: Jalapa, Ver.)
_926840
245 _aPrograma
_b: información general
260 _a(s.l.) :
_bSociedad Botánica de México,
_c(s.a)
300 _a47 p.
590 _aBATCH-UPD
_b10
_c20130110
_lUCH01
_h0135
590 _aBATCH-UPD
_b10
_c20130110
_lUCH01
_h2325
590 _aBATCH-UPD
_b10
_c20130409
_lUCH01
_h2132
590 _aBATCH-UPD
_b10
_c20130410
_lUCH01
_h1614
590 _aBATCH-UPD
_b10
_c20130914
_lUCH01
_h0730
590 _aCONVERSION
_b10
_c20130109
_lUCH01
_h1315
650 1 4 _aBotánica
_xCongresos.
_914522
901 _aBK
942 _cLIBRO
949 _a580.63 C6p 1975
_bBC
_cCONG
_d33724000610267
_eCONG
_h91284
_i32054
_mD
_si
999 _c26981
_d26981